| 000 | 01212nab a22002777a 4500 | ||
|---|---|---|---|
| 999 |
_c6472 _d6472 |
||
| 003 | OSt | ||
| 005 | 20260210092822.0 | ||
| 008 | 190506c xxu||||| |||| 00| 0 spa d | ||
| 040 | _cPJ | ||
| 100 |
_97091 _aCaporiccio, Francisco Vicente |
||
| 245 | 1 | 0 |
_aDel "fastidio procesal" a la justicia eficiente. Apuntes para una transición posible / _cFrancisco Vicente Caporiccio, Martina Perugini, Alejo Facundo Regules, Florencia Evé Vidaurreta. |
| 260 |
_aBuenos Aires : _bAbeledoPerrot, _c2025. |
||
| 300 | _ap. 38-42 | ||
| 500 | _aCita: TR LALEY AR/DOC/230/2025. | ||
| 505 | _aSumario: I. Introducción.— II. ¿De dónde partimos?— III. ¿Qué proponemos?— IV. Conclusión. | ||
| 505 | _t¿Te interesa el texto completo? Comunicate al correo: koha@justierradelfuego.gov.ar | ||
| 650 | 0 |
_91316 _aDERECHO LABORAL |
|
| 650 | 0 |
_9289 _aCONTRATO DE TRABAJO |
|
| 650 | 0 |
_aPROCEDIMIENTO LABORAL _91514 |
|
| 650 | 0 |
_aTELETRABAJO _94439 |
|
| 650 | 0 |
_aFIRMA DIGITAL _9282 |
|
| 650 | 0 |
_aNOTIFICACIÓN ELECTRÓNICA _95390 |
|
| 700 |
_97092 _aPerugini, Martina |
||
| 773 | 0 |
_02751 _93202 _dBuenos Aires : AbeledoPerrot, 2013- _tRevista de derecho laboral y seguridad social. Nº 6 - Marzo 2025 |
|
| 942 |
_2udc _cANA |
||